<?xml version="1.0" encoding="UTF-8"?>
<record
    xmlns:xsi="http://www.w3.org/2001/XMLSchema-instance"
    xsi:schemaLocation="http://www.loc.gov/MARC21/slim http://www.loc.gov/standards/marcxml/schema/MARC21slim.xsd"
    xmlns="http://www.loc.gov/MARC21/slim">

  <leader>02117nam a22002657a 4500</leader>
  <controlfield tag="005">20260404123317.0</controlfield>
  <controlfield tag="008">260404b        |||||||| |||| 00| 0 eng d</controlfield>
  <datafield tag="020" ind1=" " ind2=" ">
    <subfield code="a">9789339204457</subfield>
  </datafield>
  <datafield tag="040" ind1=" " ind2=" ">
    <subfield code="c">AL</subfield>
  </datafield>
  <datafield tag="041" ind1=" " ind2=" ">
    <subfield code="a">English</subfield>
  </datafield>
  <datafield tag="082" ind1=" " ind2=" ">
    <subfield code="a">174.962</subfield>
    <subfield code="b">MARE</subfield>
  </datafield>
  <datafield tag="100" ind1=" " ind2=" ">
    <subfield code="a">Mike W Martin</subfield>
    <subfield code="9">260212</subfield>
  </datafield>
  <datafield tag="245" ind1=" " ind2=" ">
    <subfield code="a">Ethics in engineering</subfield>
  </datafield>
  <datafield tag="250" ind1=" " ind2=" ">
    <subfield code="a">4.</subfield>
  </datafield>
  <datafield tag="260" ind1=" " ind2=" ">
    <subfield code="a">Chennai</subfield>
    <subfield code="b">McGraw Hill Education (India) Private Limited</subfield>
    <subfield code="c">2018</subfield>
  </datafield>
  <datafield tag="300" ind1=" " ind2=" ">
    <subfield code="a">xi,340p.</subfield>
    <subfield code="b">PB</subfield>
    <subfield code="c">23x15cm.</subfield>
  </datafield>
  <datafield tag="365" ind1=" " ind2=" ">
    <subfield code="a">VBI-2645</subfield>
    <subfield code="b">&#x20B9;543.75</subfield>
    <subfield code="c">&#x20B9;</subfield>
    <subfield code="d">&#x20B9;725.00</subfield>
    <subfield code="e">25%</subfield>
    <subfield code="f">20-02-2026</subfield>
  </datafield>
  <datafield tag="520" ind1=" " ind2=" ">
    <subfield code="a">Now in its fourth edition, Martin and Schinzinger's Ethics in Engineering provides an introduction to the key issues in engineering ethics, taking account of both specific organizational contexts and broader technological trends. Current and thorough, it promotes critical thinking and discussion about moral and ethical issues that engineers face. The up-to-date content provides real world examples and cases and by offering a framework for understanding ethical dilemmas within engineering, prepares readers for issues they will confront in their careers.Key Features:Updated case studies are provided throughout the book to further support the concepts presented. The appendix contains additional pedagogical resources, as well as sample codes of ethics, to give additional real-world perspective to the reader. The book provides the important connections between the choices made by individuals and corporations with broader social concerns.Table of Contents:Chapter 1: Ethics and Professionalism Chapter 2: Moral Reasoning and Codes of Ethics Chapter 3: Moral Frameworks Chapter 4: Engineering as Social Experimentation Chapter 5: Commitment to Safety Chapter 6: Workplace Responsibilities and Rights Chapter 7: Honesty Chapter 8: Environmental Ethics Chapter 9: Global Issues Chapter 10: Engineers and Technological Progress</subfield>
  </datafield>
  <datafield tag="650" ind1=" " ind2=" ">
    <subfield code="a">Engineering Ethics</subfield>
    <subfield code="9">260186</subfield>
  </datafield>
  <datafield tag="650" ind1=" " ind2=" ">
    <subfield code="a">Professional Ethics</subfield>
    <subfield code="9">260187</subfield>
  </datafield>
  <datafield tag="650" ind1=" " ind2=" ">
    <subfield code="a">Technology and Engineering</subfield>
    <subfield code="9">260188</subfield>
  </datafield>
  <datafield tag="650" ind1=" " ind2=" ">
    <subfield code="a">Business Ethics </subfield>
    <subfield code="9">260189</subfield>
  </datafield>
  <datafield tag="700" ind1=" " ind2=" ">
    <subfield code="a">Schinzinger, Roland</subfield>
    <subfield code="9">260193</subfield>
  </datafield>
  <datafield tag="942" ind1=" " ind2=" ">
    <subfield code="2">ddc</subfield>
    <subfield code="c">BK</subfield>
  </datafield>
  <datafield tag="999" ind1=" " ind2=" ">
    <subfield code="c">241122</subfield>
    <subfield code="d">241122</subfield>
  </datafield>
  <datafield tag="952" ind1=" " ind2=" ">
    <subfield code="0">0</subfield>
    <subfield code="1">0</subfield>
    <subfield code="2">ddc</subfield>
    <subfield code="4">0</subfield>
    <subfield code="7">0</subfield>
    <subfield code="8">GEN</subfield>
    <subfield code="a">SE</subfield>
    <subfield code="b">SE</subfield>
    <subfield code="d">2026-03-27</subfield>
    <subfield code="e">Vidyarthi Books</subfield>
    <subfield code="g">543.75</subfield>
    <subfield code="l">0</subfield>
    <subfield code="o">174.962 MARE</subfield>
    <subfield code="p">SE000405</subfield>
    <subfield code="r">2026-04-04 11:34:27</subfield>
    <subfield code="v">725.00</subfield>
    <subfield code="w">2026-02-20</subfield>
    <subfield code="y">BK</subfield>
  </datafield>
</record>
